Guess the Famous People from their Eyes #30 - Statistics

General Stats
  • This quiz has been taken 163 times
  • The average score is 6 of 16
Answer Stats
Picture Answer % Correct
Bradley Cooper
76%
Ice Cube
71%
Paris Hilton
61%
Mary-Kate Olsen
58%
Charlize Theron
54%
Jennifer Coolidge
52%
Oscar Isaac
39%
Catherine Zeta-Jones
36%
Dev Patel
34%
Michael Fassbender
34%
Mark Harmon
27%
Taraji P. Henson
21%
Ne-Yo
20%
Tom Selleck
20%
Heather Locklear
15%
Norah Jones
1%
No matching quizzes found
Score Distribution
Percent of People with Each Score
Percentile by Number Answered
Your Score History
You have not taken this quiz